header

2023 Book of World Record (Record no. 260891)

MARC details
000 -LEADER
fixed length control field 00244nam a22001097a 4500
020 ## - INTERNATIONAL STANDARD BOOK NUMBER
ISBN 9780545425179
100 ## - MAIN ENTRY--AUTHOR NAME
Personal name Georgian Bay
245 ## - TITLE STATEMENT
Title 2023 Book of World Record
260 ## - PUBLICATION, DISTRIBUTION, ETC. (IMPRINT)
Place of publication New York
Name of publisher Scholastic
Year of publication 2012
300 ## - PHYSICAL DESCRIPTION
Number of Pages 316 pgs
942 ## - ADDED ENTRY ELEMENTS (KOHA)
Koha item type Long Loan Books
Holdings
Withdrawn status Lost status Collection code Home library Current library Shelving location Date acquired Accession Number Koha item type
    Fiction Rongo University Library Rongo University Library Children's Area 12/10/2023 CL2022660 Long Loan Books

© 2026 Rongo University
Contact us: librarian | system librarian | Rongo university